| 000 | 00795nam a2200301Ia 4500 | ||
|---|---|---|---|
| 008 | 171120s9999 xx 000 0 und d | ||
| 020 | _a471648507 | ||
| 050 | _a650.14 | ||
| 050 | _bH939 2004 | ||
| 100 | _aHunt, Christopher | ||
| 245 | 4 | _aThe career navigation handbook / | |
| 245 | _cby Christopher Hunt and Scott Scanlon. | ||
| 260 | _aNew Jersey : | ||
| 260 | _bJohn Wiley and sons, Inc., | ||
| 260 | _c2004 | ||
| 300 | _a210 pages : | ||
| 300 | _billustrations ; | ||
| 300 | _c22cm. | ||
| 500 | _aIncludes index. | ||
| 650 | _aCareer development -- | ||
| 650 | _aExecutives -- | ||
| 650 | _aJob hunting -- | ||
| 650 | _xHandbooks, manuals, etc. | ||
| 650 | _xHandbooks, manuals, etc. | ||
| 650 | _xRecruiting. | ||
| 700 | _aScanlon, Scott. | ||
| 700 | _aTitle. | ||
| 999 |
_c345011 _d345011 |
||